[Event "Toronto NAYCC U08"]
[Site "Toronto"]
[Date "2013.08.16"]
[Round "4"]
[White "Kulic, Mateo"]
[Black "Polavaram, Rithik S"]
[Result "0-1"]
[WhiteElo "769"]
[BlackElo "1562"]
[PlyCount "70"]
[EventDate "2013.08.14"]
[EventType "swiss"]
[EventRounds "9"]
[EventCountry "CAN"]
[SourceTitle "EXT 2022"]
[Source "ChessBase"]
[SourceDate "2021.10.06"]
[SourceVersion "1"]
[SourceVersionDate "2021.10.06"]
[SourceQuality "1"]

1. e4 e5 2. Nf3 Nc6 3. Bc4 Bc5 4. b4 Bxb4 5. c3 Ba5 6. Qb3 Qe7 7. Ba3 d6 8. d3 Bb6 9. 0-0 Na5 10. Bb5+ c6 11. Bb4 Nxb3 12. axb3 cxb5 13. Nxe5 Qxe5 14. d4 Qe7 15. e5 Bc7 16. Nd2 Nh6 17. exd6 Bxd6 18. Rfe1 Be6 19. Bxd6 Qxd6 20. Ne4 Qe7 21. Nc5 0-0 22. Nxe6 fxe6 23. Rxe6 Qf7 24. Re2 Rae8 25. Rea2 Qe6 26. h3 Qxb3 27. Ra3 Qc2 28. R3a2 Qxc3 29. Ra3 Re1+ 30. Rxe1 Qxe1+ 31. Kh2 Rxf2 32. Rxa7 Qf1 33. Ra8+ Kf7 34. Rf8+ Kxf8 35. d5 Rxg2# 0-1